logo

Bir Sreshtho Munshi Abdur Rouf Library
Jhenaidah Cadet College

Writing with a purpose / (Record no. 8695)

MARC details
000 -LEADER
fixed length control field 00768cam a2200277 4500
001 - CONTROL NUMBER
JCCL Control Number 8694
003 - CONTROL NUMBER IDENTIFIER
JCCL marc code BD-JhCC
005 - DATE AND TIME OF LATEST TRANSACTION
control field 20180714182326.0
008 - FIXED-LENGTH DATA ELEMENTS--GENERAL INFORMATION
fixed length control field 740506t19741973mau b 001 0 eng
020 ## - INTERNATIONAL STANDARD BOOK NUMBER
International Standard Book Number 0395177405
035 ## - SYSTEM CONTROL NUMBER
system control number (BD-JhCC)8694
040 ## - CATALOGING SOURCE
Original cataloging agency DLC
Transcribing agency DLC
Modifying agency DLC
041 ## - LANGUAGE CODE
Language code of Book eng
050 00 - LIBRARY OF CONGRESS CALL NUMBER
Classification number PE1408
Item number .M23 1974
082 00 - DEWEY DECIMAL CLASSIFICATION NUMBER
Classification number 808/.042
Author mark and Year MCC 1974
100 1# - MAIN ENTRY--PERSONAL NAME
Personal name McCrimmon, James McNab.
245 10 - TITLE STATEMENT
Title Writing with a purpose /
Statement of responsibility, etc [by] James M. McCrimmon.
250 ## - EDITION STATEMENT
Edition statement 2nd ed.
260 ## - PUBLICATION, DISTRIBUTION, ETC. (IMPRINT)
Place of publication, distribution, etc Boston,
Name of publisher, distributor, etc Houghton Mifflin,
Date of publication, distribution, etc 1974 [c1973]
300 ## - PHYSICAL DESCRIPTION
Pagination xii, 481 p.
Dimensions 25 cm.
504 ## - BIBLIOGRAPHY, ETC. NOTE
Bibliography, etc Includes bibliographical references.
650 #0 - SUBJECT ADDED ENTRY--TOPICAL TERM
Topical term or geographic name as entry element English language
General subdivision Rhetoric.
650 #0 - SUBJECT ADDED ENTRY--TOPICAL TERM
Topical term or geographic name as entry element English language
General subdivision Grammar.
650 #0 - SUBJECT ADDED ENTRY--TOPICAL TERM
Topical term or geographic name as entry element Report writing.
942 ## - ADDED ENTRY ELEMENTS (KOHA)
Source of classification or shelving scheme Dewey Decimal Classification
Koha item type Books
Holdings
Source of classification or shelving scheme Damaged status Not for loan Home library Current library Shelving location Total Checkouts Full call number Barcode Date last seen Copy number Koha item type
Dewey Decimal Classification     JCC Rouf Library JCC Rouf Library General Stacks   808/.042 MCC 1974 11456 03/01/2018 C - 1 Books

JCC Library | Contacts | JCC Home

Last Update on 23 September 2017
Copyright @ 2017-2020 JCC Rouf Library
Rouf Library, Jhenidah Cadet College (JCC), Bangladesh